Warrior cats S names - Statistics

General Stats
  • This quiz has been taken 17 times
    4 since last reset
  • The average score is 80 of 265
Answer Stats
% Correct
Sandstorm
100%
Silver
100%
Silverstream
100%
Sleekwhisker
100%
Spottedleaf
100%
SquirrelCotp
100%
SquirrelSister
100%
Squirrelstar
100%
Sage
75%
Shadowsight
75%
Shadowstar
75%
Smoke
75%
Snake
75%
Snow
75%
Snow falling on stones
75%
Snowkit
75%
Soot
75%
Sootfur
75%
Sorreltail
75%
Speckle
75%
Spiresight
75%
Spotfur
75%
Star that shines on water
75%
StoneDotc
75%
Stonefur
75%
StoneHj
75%
StoneSister
75%
Storm
75%
Storm clouds at dusk
75%
Stormfur
75%
Sunstar
75%
Swallow
75%
Swift
75%
Sagenose
50%
Sagewhisker
50%
Sasha
50%
Scorchwind
50%
Scourge
50%
SeedpeltFq
50%
SeedpeltMv
50%
SeedpeltPc
50%
Sharpclaw
50%
Shattered ice
50%
Shellheart
50%
Shine
50%
Shrewpaw
50%
Skystar
50%
SlateDotc
50%
Slatefur
50%
SlateIh
50%
Sleek fur
50%
Smallear
50%
SmokepawSotc
50%
SmokepawTnp
50%
Smoky
50%
SnaketoothRc
50%
SnaketoothShc
50%
Snowbird
50%
Snowfur
50%
Snowstar
50%
Softpelt
50%
Songleap
50%
Sorrelstripe
50%
SparrowRh
50%
SparrowSister
50%
SparrowTr
50%
Specklepaw
50%
Speckletail
50%
Spiderleg
50%
SpiderLo
50%
SpiderSister
50%
Splash
50%
Splashtail
50%
Spottedpaw
50%
Spottedpelt
50%
Star flower
50%
Starlingpaw
50%
Starlingwing
50%
Stream
50%
Sunbeam
50%
Sweetpaw
50%
Swiftflight
50%
Swiftpaw
50%
Sandgorse
25%
Sandynose
25%
Scorchfur
25%
Scree
25%
Scree beneath winter sky
25%
Sedgestar
25%
Sedgewhisker
25%
Seedpaw
25%
Shaded moss
25%
Shade pelt
25%
ShadepeltAvos
25%
ShadepeltTpb
25%
Shellfur
25%
ShimmerpeltBrs
25%
ShimmerpeltCrp
25%
Shiningheart
25%
Shredtail
25%
Shrewclaw
25%
Shrewfoot
25%
Shyheart
25%
Silverflame
25%
Silverhawk
25%
SilverpawBotc
25%
SilverpawTpb
25%
Skyheart
25%
Slatepelt
25%
Slightfoot
25%
SloefurRc
25%
SloefurShc
25%
Smokefoot
25%
Smokehaze
25%
SnailRo
25%
Snail shell
25%
SnailSister
25%
Snakestar
25%
SnaketailFq
25%
SnaketailPot
25%
Snaptooth
25%
Sneezecloud
25%
Snipkit
25%
Snowbush
25%
Snow hare
25%
Snow tail
25%
Snowtuft
25%
Snowy
25%
Socks
25%
Softwing
25%
Sol
25%
Songbird
25%
Sparkpelt
25%
SparrowfeatherDf
25%
SparrowfeatherStc
25%
Sparrowpelt
25%
Sparrowstar
25%
Sparrowtail
25%
Spider paw
25%
Spiderstar
25%
Spikefur
25%
Spireclaw
25%
Splashfoot
25%
Splashheart
25%
Splashkit
25%
Splashnose
25%
Splashpaw
25%
Spotnose
25%
Spotted fur
25%
Squirrelfur
25%
Squirrelwhisker
25%
StagleapTc
25%
StagleapWc
25%
Starlingfeather
25%
Stemleaf
25%
Stemtail
25%
Stick
25%
Stoat
25%
StoatfurShc
25%
StoatfurSkc
25%
Stoneclaw
25%
Stonepelt
25%
Stonestar
25%
StonetellerOots
25%
StonetellerTnp
25%
Stonewing
25%
Storkkit
25%
Stormcloud
25%
Stormheart
25%
Storm pelt
25%
Stormtail
25%
Stretchkit
25%
Strikestone
25%
Stripes
25%
Stripestar
25%
Stumpytail
25%
Sunfish
25%
Sunflower
25%
Sunnypelt
25%
SunpeltLc
25%
SunpeltSkc
25%
Sun shadow
25%
Swallowflight
25%
SwallowtailRc
25%
SwallowtailWc
25%
Swampkit
25%
Swankit
25%
Sweetbriar
25%
Swiftbreeze
25%
Swiftfoot
25%
SwiftstarLc
25%
SwiftstarWc
25%
Swiftwing
25%
Swoop of chestnut hawk
25%
Scarlet
0%
Scooby
0%
Scout
0%
Scowl
0%
Scrap
0%
Scraps
0%
Screech of angry owl
0%
Scruff
0%
Sedgecreek
0%
Seville
0%
Shadestar
0%
Shanty
0%
Sharp hail
0%
Sheeptail
0%
Sheer path beside waterfall
0%
Shell claw
0%
Shineflower
0%
Shinepaw
0%
Shivering rose
0%
Shnuky
0%
Shorty
0%
Shrewtooth
0%
Shy fawn
0%
Shyfrost
0%
Shykit
0%
Silkypod
0%
Silt
0%
Silver frost
0%
Silvermask
0%
Silver stripe
0%
Skipper
0%
Skywatcher
0%
Slant
0%
Slash
0%
Smallkit
0%
Smoketalon
0%
Smudge
0%
Snailpaw
0%
Snapper
0%
Sniff
0%
Snipe
0%
Snookthorn
0%
Snowdrop
0%
SnowflakeKp
0%
SnowflakeRo
0%
Songkit
0%
Sorrelshine
0%
Spiderfoot
0%
Spiderpelt
0%
Spiketail
0%
Splinter
0%
Sprucetip
0%
Stoneflower
0%
Stone songDotc
0%
Stone songPot
0%
Stonestream
0%
Stonetooth
0%
Streak
0%
Streamripple
0%
Stripeheart
0%
Strong pounce
0%
Sunkit
0%
Sunnytail
0%
Sunrise
0%
Sunshine
0%
Sunspots
0%
Sunstrike
0%
Susan
0%
Suzy
0%
Sweetums
0%
Swift minnow
0%
No matching quizzes found
Score Distribution
Percent of People with Each Score
Percentile by Number Answered
Your Score History
You have not taken this quiz since the last reset